Moderný nástroj
Cross docking rieši distribučné problémy. Spoločným základom technológie je čo najrýchlejší tok tovaru od prijatia až po odoslanie. V tomto smere je rozhodujúci spôsob práce s tovarom v cross dockingovom centre. Prihliada sa na to, či je tovar konsolidovaný od mnohých výrobcov do jednej zásielky, al...
Enregistré dans:
| Format: | Chapitre de livre |
|---|---|
| Langue: | slovaque |
| Sujets: | |
| Tags: |
Pas de tags, Soyez le premier à ajouter un tag!
|
MARC
| LEADER | 00000naa a2200000 4500 | ||
|---|---|---|---|
| 001 | 0178436 | ||
| 005 | 20231109070657.4 | ||
| 041 | 0 | |a slo | |
| 044 | |a SK | ||
| 245 | 1 | 0 | |a Moderný nástroj |
| 520 | |a Cross docking rieši distribučné problémy. Spoločným základom technológie je čo najrýchlejší tok tovaru od prijatia až po odoslanie. V tomto smere je rozhodujúci spôsob práce s tovarom v cross dockingovom centre. Prihliada sa na to, či je tovar konsolidovaný od mnohých výrobcov do jednej zásielky, alebo či je dekonsolidovaný od jedného výrobcu do niekoľkých zásielok, resp. či dochádza ku kombinácii oboch prístupov. | ||
| 610 | 2 | 0 | |a logistika distribučná |
| 610 | 2 | 0 | |a predaj |
| 610 | 2 | 0 | |a manažment logistický |